000 00765nam a22002177a 4500
005 20180702145607.0
010 _aA-904882
020 _a8170002230
_c900.00
035 _aA-904882
037 _bEss Ess Publications
082 _a020
245 _aLibrary dcience and its facets.
_cH.R.Chopra, U.C Sharma [and] M.K Srivastava,.
260 _aNew Delhi
_bEss Ess Publications
_c1998
270 _a4837/24, Ansari Road, Darya Ganj, New Delhi-110002
_bNew Delhi
_e110002
300 _a269p.(V2)
_c22cm(hb)
700 _aChopra,R.H.
700 _aSrivastava, M.K
700 _a Sharma,U.C.
942 _2ddc
_cEN
_h020
_mCHO
999 _c153034
_d153034